Design's impact on logistics
Αποθηκεύτηκε σε:
| Συγγραφή απο Οργανισμό/Αρχή: | |
|---|---|
| Μορφή: | Βιβλίο |
| Γλώσσα: | English |
| Δημοσίευση: |
New York :
McGraw-Hill,
c1993
|
| Σειρά: | Practical engineering guides for managing risk
|
| Θέματα: | |
| Ετικέτες: |
Προσθήκη ετικέτας
Δεν υπάρχουν, Καταχωρήστε ετικέτα πρώτοι!
|
MARC
| LEADER | 00000nam a2200000 i 4500 | ||
|---|---|---|---|
| 001 | 1/17070 | ||
| 008 | 010209s1993 eng d | ||
| 020 | |a 0-07-002562-2 | ||
| 035 | |l 10066003 | ||
| 040 | |a GR-MY-UA |b gre |e aacr | ||
| 041 | 0 | |a eng | |
| 082 | 0 | |a 658.7 | |
| 110 | 2 | |a American Telephone and Telegraph Company. | |
| 245 | 1 | 0 | |a Design's impact on logistics / |c American Telephone and Telegraph Company |
| 260 | |a New York : |b McGraw-Hill, |c c1993 | ||
| 300 | |a xii, 228 p. | ||
| 490 | 1 | |a Practical engineering guides for managing risk | |
| 504 | |a Includes bibliographical references and index | ||
| 650 | 0 | 0 | |a Production planning. |
| 650 | 0 | 0 | |a Engineering design. |
| 650 | 0 | 0 | |a Business logistics. |
| 830 | 0 | |a Practical engineering guides for managing risk | |
| 852 | |a INST |b CHIOS |e 20010209 |h 658.7 AME |p 005200021392 |q 005200021392 |t BK |y 0 | ||
| 901 | |a BIBL2-2001-1 | ||
| 909 | |a Χ |b 084067 | ||
| 922 | |a 2ΕΛΗ |b 200011 |c ΤΜΟΔ |d ΜΙΧΑΛΟΠΟΥΛΟΣ | ||
| 950 | |a 186-2000-09-14 | ||
| 970 | |a ΣΑΛΑΜΟΥΡΑ |b ΜΑΡΙΑ |z 2001/02/20 | ||